| 000 | 00489nam a2200181Ia 4500 | ||
|---|---|---|---|
| 005 | 20260625114403.0 | ||
| 008 | 131103s9999 xx 000 0 und d | ||
| 040 | _aLoreto College | ||
| 041 | _aEnglish | ||
| 082 |
_a821.08A _bDOB |
||
| 245 |
_aAustralian poetry 1949-50 _cSelected byRosemary Dobson |
||
| 260 |
_aSydney _bAngus and Robertson _c[19?] |
||
| 300 | _a67p. | ||
| 650 | _aEnglish poetry - collections | ||
| 700 | _aDobson, Rosemary; sel. | ||
| 850 | _aLCLIB | ||
| 942 | _cBK | ||
| 999 |
_c20909 _d71388 |
||